The price we pay (Record no. 74824)

MARC details
000 -LEADER
fixed length control field 00912cab a2200205 4500
001 - CONTROL NUMBER
control field ABS68723
008 - FIXED-LENGTH DATA ELEMENTS--GENERAL INFORMATION
fixed length control field 050221n2005 000 0 eng u
035 ## - SYSTEM CONTROL NUMBER
System control number (Sirsi) u128856
100 ## - MAIN ENTRY--PERSONAL NAME
Personal name Wood, T.
245 #4 - TITLE STATEMENT
Title The price we pay
260 ## - PUBLICATION, DISTRIBUTION, ETC.
Date of publication, distribution, etc. 2005
490 ## - SERIES STATEMENT
Series statement Building
Volume/sequential designation 270(8367) 4 February 2005, 52(1)
520 ## - SUMMARY, ETC.
Summary, etc. Summarises the "Building" and Hammonds survey into the cost of hiring an adjudicator. Notes that the average fee is now £3 725which, when considered in the context of the average sum claimed in judicial proceedings, is a substantial rise of 50% compared with the Glasgow Caledonian study of four years ago.
590 ## - LOCAL NOTE (RLIN)
Local note ABS
650 ## - SUBJECT ADDED ENTRY--TOPICAL TERM
Topical term or geographic name entry element MANAGEMENT-DISPUTE AVOIDANCE, MANAGEMENT AND RESOLUTION-DISPUTE MANAGEMENT AND RESOLUTION-ALTERNATIVE DISPUTE RESOLUTION-ADJUDICATION
650 ## - SUBJECT ADDED ENTRY--TOPICAL TERM
Topical term or geographic name entry element ADJUDICATORS' FEES
650 ## - SUBJECT ADDED ENTRY--TOPICAL TERM
Topical term or geographic name entry element DISPUTES
690 ## - LOCAL SUBJECT ADDED ENTRY--TOPICAL TERM (OCLC, RLIN)
Topical term or geographic name as entry element Dispute resolution
9 (RLIN) 6236
942 ## - ADDED ENTRY ELEMENTS (KOHA)
Suppress in OPAC 0
Holdings
Withdrawn status Lost status Source of classification or shelving scheme Damaged status Not for loan Home library Current library Shelving location Date acquired Total Checkouts Full call number Barcode Date last seen Copy number Price effective from Koha item type
    Dewey Decimal Classification     London London Journal article 21/02/2005   ABS68723 128856-1001 06/08/2019 1 06/08/2019 Journal article